Complete the Movie Title (1984) - Statistics

General Stats
  • This quiz has been taken 258 times
  • The average score is 15 of 25
Answer Stats
Hint Answer % Correct
The Karate _____ Kid
95%
A _____ on Elm Street Nightmare
93%
Purple _____ Rain
88%
Conan the _____ Destroyer
84%
Sixteen _____ Candles
82%
_____ of the Corn Children
80%
Revenge of the _____ Nerds
76%
Romancing the _____ Stone
76%
A _____ Story Christmas
75%
_____ of Passion Crimes
69%
Red _____ Dawn
66%
The Warrior and the _____ Sorceress
61%
Where the _____ Are Boys
56%
The Big _____ Chill
56%
_____ City Alphabet
52%
A Soldier’s _____ Story
51%
Electric _____ Dreams
50%
_____ of Hearts Thief
45%
_____ in the Heart Places
38%
Night of the _____ Comet
35%
_____ in the Aisles Terror
34%
The Lonely _____ Guy
29%
Racing with the _____ Moon
28%
The Ice _____ Pirates
22%
The Wild _____ Life
18%
No matching quizzes found
Score Distribution
Percent of People with Each Score
Percentile by Number Answered
Your Score History
You have not taken this quiz